000 01191nam a2200349 i 4500
001 10889
003 KOSZ 005
005 20201105085205.0
008 070620s1966 pl a f 000 0 pol
015 _aPB 1966/6764
040 _aWA N
_cWA N
_dKOSZ 005/RW
_dKOSZ 005/HR
041 1 _apol
_hrus
046 _k1966
080 _a514.12
080 _a(076)
100 1 _aCuberbiller, Ol'ga Nikolaevna
_d(1885-1975).
_eAutor
245 1 0 _aZadania i ćwiczenia z geometrii analitycznej /
_cOlga Cuberbiller ; [tł. Abraham Götz].
246 1 _iTyt. oryg.:
_aZadači i upražneniâ po analitičeskoj geometrii.
250 _aWyd. 6.
260 _aWarszawa :
_bPaństwowe Wydawnictwo Naukowe,
_c1966.
300 _a311 s. :
_bil. ;
_c23 cm.
380 _aKsiążki.
380 _aPublikacje dydaktyczne
388 _a1901-2000
658 _aMatematyka
655 4 _aĆwiczenia i zadania
650 4 _aGeometria analityczna
710 2 _aPaństwowe Wydawnictwo Naukowe
_4pbl.
700 1 _aGoetz, Abraham
_eTłumaczenie
856 _uhttp://koha.tu.koszalin.pl/cgi-bin/koha/opac-detail.pl?biblionumber=10889
_yKatalog online BPK
942 _2UKD
_cKS
999 _c10889
_d10889